000 00324cam a22001217a 4500
008 180718b1987 xxu||||| |||| 00| 0 eng d
082 _aT1 L823e
100 _aLoebl, Eugen
245 _aEconomics for the 21st century: humanomics
_cby Eugen Loebl
260 _aNew Delhi
_bRaaj
_c1987
300 _a164p.
650 _aEconomics
999 _c347813
_d347813